000 00541nam a22001817a 4500
999 _c14151
_d14151
003 AR-CdUCM
008 190422b ||||| |||| 00| 0 spa d
020 _a978-84-9825-873-8
040 _aMUNICIPALIDAD PROVINCIAL DEL CUSCO
_cBIBLIOTECA MUNICIPAL DEL CUSCO
082 _aPI / 376.1 /
_bC73
110 _aCombel
_932671
245 _aLibro familias /
260 _aBarcelona :
_bCombel,
_c2016.
300 _a8 páginas ;
_bIlustraciones,
_c26 cm.
650 _aCuentos infantiles
_93927
942 _2ddc
_cLIBROS
945 _aacv
_d2019-04-22